• 首页
  • 本馆介绍
  • 公告通知
  • 最新文献
  • 馆藏检索
  • 电子资源
  • 读者导购
  • 参考咨询
  • 我的图书馆
  • 登录
  • 详细信息显示
  • 放入我的书架
  • 预约/预借图书
  • 作者相关作品
  • 分类相关作品
  • 丛书相关作品
  • 出版社相关作品

书目信息

  • 表格格式
  • 工作单格式
  • 卡片格式
题名:
环境宣传教育文献汇编
    
 
作者: ;国家环境保护总局 编
分册:  
出版信息: 北京   中国环境科学出版社  2006
页数: 335页
开本: 26cm
丛书名:
单 册:
中图分类: X-4
科图分类:
主题词: 环境教育--文献--中国--2001~2005--汇编 , 环境教育
电子资源:
ISBN: 7-80209-282-5
000 00811nam0 2200229 450
001 003153761
005 20070805171256.20
010    @a7-80209-282-5@dCNY48.00
100    @a20060124d2006 em y0chiy0110 ea
101 0  @achi
102    @aCN@b110000
105    @ay z 000yy
200 1  @a环境宣传教育文献汇编@9huan jing xuan chuan jiao yu wen xian hui bian@e2001-2005年@f国家环境保护总局宣传教育司编
210    @a北京@c中国环境科学出版社@d2006
215    @a335页@d26cm
330    @a本书汇编了2001~2005年期间的环境宣传教育文献,包括领导讲话、总局重要文件、地方重要文件三个部分。
606 0  @a环境教育@x文献@y中国@z2001~2005@j汇编
606 0  @a环境教育
690    @aX-4@v4
711 02 @a国家环境保护总局@9guo jia huan jing bao hu zong ju@b宣教司@4编
801  0 @aCN@bNLC@c20070805
905    @a10447@dX-4@e165
    
    环境宣传教育文献汇编:2001-2005年/国家环境保护总局宣传教育司编.-北京:中国环境科学出版社,2006
    335页;26cm
    
    
    ISBN 7-80209-282-5:CNY48.00
    本书汇编了2001~2005年期间的环境宣传教育文献,包括领导讲话、总局重要文件、地方重要文件三个部分。
●
相关链接 在E读中查询图书 在五车中查询图书 在当当中查询图书 在豆瓣中查询图书


正题名:环境宣传教育文献汇编     索取号:X-4/165         预约/预借

序号 登录号 条形码 馆藏地/架位号 状态 备注
1 0809227   208092277   第二样本阅览室/ [索取号:X-4/165] 在馆    
2 0809228   208092286   第三借阅区/ [索取号:X-4/165] 在馆    
唐山师范学院图书馆 欢迎您!
大连网信软件有限公司© 版权所有